<?xml version="1.0" encoding="UTF-8"?>
<record
    xmlns:xsi="http://www.w3.org/2001/XMLSchema-instance"
    xsi:schemaLocation="http://www.loc.gov/MARC21/slim http://www.loc.gov/standards/marcxml/schema/MARC21slim.xsd"
    xmlns="http://www.loc.gov/MARC21/slim">

  <leader>00994npm a2200241   4500</leader>
  <controlfield tag="001">5125</controlfield>
  <controlfield tag="003">ES-MaACL</controlfield>
  <controlfield tag="005">20230908150919.0</controlfield>
  <controlfield tag="007">hzrazu   bucu</controlfield>
  <controlfield tag="008">891025r19891870sp      b     00010 spa d</controlfield>
  <datafield tag="080" ind1=" " ind2=" ">
    <subfield code="a">061.21(466.3 Vitoria)(05)"1870/72"</subfield>
  </datafield>
  <datafield tag="080" ind1=" " ind2=" ">
    <subfield code="a">05(46)</subfield>
  </datafield>
  <datafield tag="245" ind1="0" ind2="3">
    <subfield code="a">El Ateneo </subfield>
    <subfield code="b">: [Microforma] : Organo del Ateneo Cientifico, Literario y Artistico de Vitoria.</subfield>
  </datafield>
  <datafield tag="260" ind1=" " ind2=" ">
    <subfield code="a">Madrid : </subfield>
    <subfield code="b">Ateneo Cientifico, Literario y Artistico, </subfield>
    <subfield code="c">1989.</subfield>
  </datafield>
  <datafield tag="300" ind1=" " ind2=" ">
    <subfield code="a">4 microfichas : </subfield>
    <subfield code="b">negativo, il.</subfield>
  </datafield>
  <datafield tag="500" ind1=" " ind2=" ">
    <subfield code="a">Publicado originalmente: Vitoria, Impr. Vda. de Ega&#xF1;a e Hijos, 1870-1872, periodicidad quincenal.</subfield>
  </datafield>
  <datafield tag="505" ind1="8" ind2=" ">
    <subfield code="a">Microficha n. 1: 1870 (abr. a 15 nov.) -- Microficha n. 2: 1870 (30 nov.) a 1871 (20 jun.) -- Microficha n. 3: 1871 (jul. a dic.) -- Microficha n. 4: 1872 (en. a jun.)</subfield>
  </datafield>
  <datafield tag="650" ind1="1" ind2="4">
    <subfield code="a">Obras de 1800.</subfield>
    <subfield code="9">15662</subfield>
  </datafield>
  <datafield tag="710" ind1="2" ind2=" ">
    <subfield code="a">Ateneo de Vitoria.</subfield>
    <subfield code="9">1848</subfield>
  </datafield>
  <datafield tag="852" ind1=" " ind2=" ">
    <subfield code="a">ES-MaACL</subfield>
    <subfield code="j">MCF-26</subfield>
    <subfield code="9">5242</subfield>
    <subfield code="c">DEPO1</subfield>
  </datafield>
  <datafield tag="942" ind1=" " ind2=" ">
    <subfield code="2">udc</subfield>
    <subfield code="c">MICROFORMA</subfield>
  </datafield>
  <datafield tag="999" ind1=" " ind2=" ">
    <subfield code="c">5125</subfield>
    <subfield code="d">5125</subfield>
  </datafield>
  <datafield tag="952" ind1=" " ind2=" ">
    <subfield code="0">0</subfield>
    <subfield code="1">0</subfield>
    <subfield code="2">udc</subfield>
    <subfield code="4">0</subfield>
    <subfield code="7">0</subfield>
    <subfield code="8">Hemeroteca</subfield>
    <subfield code="a">ATENEOM</subfield>
    <subfield code="b">ATENEOM</subfield>
    <subfield code="c">DEPO1</subfield>
    <subfield code="d">2008-01-17</subfield>
    <subfield code="l">0</subfield>
    <subfield code="o">MCF-26</subfield>
    <subfield code="p">1005188</subfield>
    <subfield code="r">2023-02-23 00:00:00</subfield>
    <subfield code="w">2023-02-23</subfield>
    <subfield code="y">MICROFORMA</subfield>
  </datafield>
</record>
